000 01200nam0a22003131 4500
001 v19\rc\2025714
005 20260406064907.0
035 _a(NLR Aleph) 005119672
090 _a7580711
_c7580711
100 _a20080925d1916 u y0rusy50 ca
101 0 _arus
102 _aRU
105 _aa z |||||
200 1 _aНовый Мурзилка
_eУдивит. приключения и странствования маленьких лесн. человечков
_eС рис. авт.
_f[Соч.] Пальмера Кокса
205 _a2-е изд.
210 _aПетроград
_aМосква
_cТ-во М.О. Вольф
_d1916
_eПетроград
215 _a104 с.
_cил.
_d25
300 _aНа обл.: Рис. П. Кокса, [рус.] текст С. Мунда [С.Ф. Либровича]
700 1 _aМунд
_bС.
790 1 _8rus
_7ca
_aЛибрович
_bС.Ф.
_f1855-1918
_gСигизмунд Феликсович
_3RU\NLR\AUTH\7724303
_97354
801 0 _aRU
_bNLR
_gpsbo
801 0 _aRU
_bRuMoRGB
_2psbo
801 1 _aRU
_bProSoft-M
_2rusmarc
852 _aNLR
_j37.31.6.53
899 _aRuMoRGB
_jA 229/152
899 _aБАН
942 _cBOOK
980 _aNB